Quiz su Napoli - Statistics

Statistiche generali
  • Questo quiz è stato fatto 49 volte
    32 dall'ultimo reset
  • Il punteggio medio è 12 su 16
Statistiche sulle risposte
Indizio Risposta % Corretto
Napoli si trova alle pendici di questo vulcano Vesuvio
100%
Capoluogo di questa regione Campania
93%
Il piatto italiano più famoso Pizza
93%
Cantante che ha vinto il festival di Sanremo nel 2026 con il brano "per sempre sì" Sal da Vinci
89%
Dinastia che governò il regno della domanda precedente Borbone
85%
Regno di cui Napoli era la capitale Regno delle Due Sicilie
85%
Attore soprannominato "il principe della risata" Totò
85%
Maschera napoletana della Commedia dell'Arte per eccellenza Pulcinella
81%
Piazza dove sorgono la basilica ed il palazzo reale Piazza del plebiscito
78%
Attrice di fama mondiale che vinse due premi Oscar Sophia Loren
78%
Tradizionale dolce pasquale Pastiera napoletana
70%
Via celebre che divide in due la città antica Spaccanapoli
70%
Potenza straniera che conquistò Napoli nel XVI secolo, il cui nome è presente in un famoso quartiere Spagna
70%
Bevanda per cui Napoli è celebre Caffè
56%
Antico nome di Napoli, che risale alla fine dell'VIII secolo a.C Partenope
52%
Antico sistema per l'interpretazione dei sogni, ad ogni elemento si associa un numero da 1 a 90 Smorfia napoletana
41%
Nessun quiz corrispondente trovato
Distribuzione punteggi
Percentuale di utenti per punteggio
Percentile per numero di risposta
I tuoi punteggi nel tempo
Non hai fatto questo quiz dall'ultimo reset